000 00848nam0a22002291i 4500
001 rc\3563096
005 20240723220922.0
021 _aRU
_b[76-6934а]
035 _a(NLR Aleph) 007686980
090 _a6600086
_c6600086
100 _a20130115d1976 |||y0rusy50 ca
101 0 _arus
102 _aRU
105 _ay d |||||
200 1 _aРазвитие формы социалистического государства
_e(На опыте Пол. Нар. Республики)
_eАвтореф. дис. на соиск. учен. степени канд. юрид. наук
_e(12.00.01)
_fАкад. обществ. наук при ЦК КПСС
210 _aМосква
_d1976
215 _a25 с.
700 1 _aПюро
_bР.
_gРышард
801 0 _aRU
_bNLR
_gpsbo
801 1 _aRU
_bELAR
_2rusmarc
852 _aNLR
_j76-4/21912
942 _cBOOK